Steps towards a unified basis for scientific models and methods / (Record no. 5409)
[ view plain ]
| 000 -LEADER | |
|---|---|
| fixed length control field | 01335cam a22002777a 4500 |
| 001 - CONTROL NUMBER | |
| control field | 16243010 |
| 005 - DATE AND TIME OF LATEST TRANSACTION | |
| control field | 20210414114439.0 |
| 008 - FIXED-LENGTH DATA ELEMENTS--GENERAL INFORMATION | |
| fixed length control field | 100519s2010 si a b 001 0 eng d |
| 010 ## - LIBRARY OF CONGRESS CONTROL NUMBER | |
| LC control number | 2010459128 |
| 020 ## - INTERNATIONAL STANDARD BOOK NUMBER | |
| International Standard Book Number | 9789814280853 |
| 020 ## - INTERNATIONAL STANDARD BOOK NUMBER | |
| International Standard Book Number | 9814280852 |
| 035 ## - SYSTEM CONTROL NUMBER | |
| System control number | (OCoLC)ocn326678502 |
| 042 ## - AUTHENTICATION CODE | |
| Authentication code | lccopycat |
| 050 00 - LIBRARY OF CONGRESS CALL NUMBER | |
| Classification number | Q175.H3955 |
| Item number | |
| 100 1# - MAIN ENTRY--PERSONAL NAME | |
| Personal name | Helland, Inge S. |
| 245 10 - TITLE STATEMENT | |
| Title | Steps towards a unified basis for scientific models and methods / |
| Statement of responsibility, etc. | Inge S. Helland. |
| 260 ## - PUBLICATION, DISTRIBUTION, ETC. | |
| Place of publication, distribution, etc. | Singapore ; |
| -- | Hackensack, NJ : |
| Name of publisher, distributor, etc. | World Scientific, |
| Date of publication, distribution, etc. | 2010. |
| 300 ## - PHYSICAL DESCRIPTION | |
| Extent | xviii, 257 p. : |
| Other physical details | ill. ; |
| Dimensions | 26 cm. |
| 504 ## - BIBLIOGRAPHY, ETC. NOTE | |
| Bibliography, etc. note | Includes bibliographical references (p. 245-253) and index. |
| 505 ## - FORMATTED CONTENTS NOTE | |
| Formatted contents note | Contents: The Basic elements -- Statistical theory and practice -- Statistical inference under symmetry -- The Transition from statistics to quantum theory - Quantum mechanics from a statistical basis -- Further development of quantum mechanics -- Decisions in statistics -- Multivate data analysis and statistics -- Quantum mechanics and the diversity of concepts -- Epilogue. |
| 650 #0 - SUBJECT ADDED ENTRY--TOPICAL TERM | |
| Topical term or geographic name entry element | Science |
| General subdivision | Philosophy. |
| 650 #0 - SUBJECT ADDED ENTRY--TOPICAL TERM | |
| Topical term or geographic name entry element | Science |
| General subdivision | Methodology. |
| 906 ## - LOCAL DATA ELEMENT F, LDF (RLIN) | |
| a | 7 |
| b | cbc |
| c | copycat |
| d | 2 |
| e | ncip |
| f | 20 |
| g | y-gencatlg |
| 942 ## - ADDED ENTRY ELEMENTS (KOHA) | |
| Source of classification or shelving scheme | Library of Congress Classification |
| Koha item type | Books |
| Withdrawn status | Lost status | Source of classification or shelving scheme | Damaged status | Not for loan | Home library | Current library | Shelving location | Date acquired | Total Checkouts | Full call number | Barcode | Date last seen | Price effective from | Koha item type |
|---|---|---|---|---|---|---|---|---|---|---|---|---|---|---|
| Library of Congress Classification | WISCONSIN INTERNATIONAL UNIVERSITY COLLEGE, GHANA - MAIN LIBRARY | WISCONSIN INTERNATIONAL UNIVERSITY COLLEGE, GHANA - MAIN LIBRARY | Reference | 13/02/2015 | Q175 .H3955 | 6687/12 | 13/02/2015 | 13/02/2015 | Books |
